=LDR 00000nam 2200000 4500 =001 INLIS000000000013938 =990 ##$$a 3028/PB-04 =990 ##$$a 3027/PB-04 =005 20151012114544.0 =990 ##$$a 0001/BPAP-NTB/2015 =990 ##$$a 0001/BPAP-NTB/2015 =006 =990 ##$$a 0001/BPAP-NTB/2015 =990 ##$$a 0001/BPAP-NTB/2015 =007 =990 ##$$a 0001/BPAP-NTB/2016 =990 ##$$a 0001/BPAP-NTB/2016 =008 Ind =990 ##$$a 0001/BPAP-NTB/2016 =990 ##$$a 0001/BPAP-NTB/2016 =035 ##$$0010-061300000013938 =990 ##$$a 1201511823 =990 ##$$a 3028/PB-04 =041 ##$$a Ind =082 ##$$a 634.31 =090 ##$$a 634.31, Set b =100 ##$$a Setiadi =245 ##$$a Budidaya jeruk asam di kebun dan di pot, Setiadi =260 ##$$a 2004 $b Jakarta =300 ##$$a 128 hlm, Ilus, 20,5 cm =650 ##$$a Jeruk =850 ##$$a NBPNMAT =990 ##$$a 0001/BPAP-NTB/2016 =990 ##$$a 0001/BPAP-NTB/2016 =990 ##$$a 16371637 =990 ##$$a 1182411824